000 00306nam a22001457a 4500
008 210609b ||||| |||| 00| 0 eng d
020 _a9780321703781
041 _aeng
080 _a004
082 _a004
100 _a28
101 _aSHKI
245 _aJoomla! explained
_cBurge,S
942 _2udc
_cBK
999 _c58082
_d58082